00545nam a2200193Ii 450000100060000000300090000600800410001502000180005604000330007404100080010708200150011510000280013024500510015826400490020930000120025833600260027033700280029633800270032419045CO-ViMGA241108s9999||||xx |||||||||||||| ||und|| a9789588293912 aCO-ViMGAbspaerdacCO-ViMGA0 aspa04a986.1 F67m1 aJuan Gustavo Cobo Borda10aMomentos y perfiles de la historia de Colombia 1aBogotá, Colombia : Villegas Editores, 2012 avolumen atextbtxt2rdacontent aunmediatedbn2rdamedia avolumebnc2rdacarrier